000
00307nam a2200133Ia 4500
008
230818s2007 xx 000 0 und d
041
_a
eng
100
_a
Foll
245
_a
Modern french classic
260
_b
Hutchinsons
_c
2007
300
_a
543p
520
_a
Reference Copy
999
_c
852341
_d
852341
650
_a
Food Production